Memorias de una joven informal

保存先:
書誌詳細
第一著者: Lamblin, Bianca (著者)
フォーマット: 図書
言語:スペイン語
出版事項: Barcelona Grijalbo 1995
版:1a. ed
シリーズ:El Espejo de Tinta
主題:
タグ: タグ追加
タグなし, このレコードへの初めてのタグを付けませんか!

MARC

LEADER 00000cam a2200000 a 4500
001 UCE6578
003 CL-VaPUC
008 150423e19950000sp |||||||||||||||||spa|d
020 |a 8425327237 
082 0 4 |a 194  |b LAM  |2 21 
100 0 |a Lamblin, Bianca  |e author  |9 579231 
245 1 0 |a Memorias de una joven informal 
250 |a 1a. ed 
300 |a 205 p 
942 |c BK 
945 |d 20150423 11:40:00  |a arojas 
260 |a Barcelona  |b Grijalbo  |c 1995 
650 7 |a RELACIONES AMOROSAS  |2 CL-VaPUC  |9 553201 
650 7 |a MEMORIAS  |2 CL-VaPUC  |9 269159 
650 0 |a Escritores franceses   |9 450149 
650 0 |a Filosofía francesa   |9 255698 
583 |a last modification  |c 20150423 11:40:00  |k Rodrigo Vera 
490 0 |a El Espejo de Tinta 
999 |c 358874  |d 358872 
952 |0 0  |1 0  |3 erb  |4 0  |6 194_000000000000000_LAM_1995  |7 0  |8 A  |9 467816  |a BIBEDU  |b BIBEDU  |e Villagrán Garnham, Jorge  |i 5171024  |o 194 LAM 1995  |p 5171024  |r 2019-11-23  |w 2019-11-23  |y BK  |z Catalogado en:20150423  |k FIL